| 000 | 01039cam a22002413a 4500 | ||
|---|---|---|---|
| 001 | 16746 | ||
| 003 | PGUSA | ||
| 005 | 20140828083346.0 | ||
| 008 | 050925s2005||||xxu|||||s|||||000 | eng d | ||
| 040 |
_aPGUSA _beng |
||
| 042 | _adc | ||
| 050 | 4 | _aPN | |
| 100 | 1 |
_aMatthews, Brander, _d1852-1929 |
|
| 245 | 1 | 0 |
_aInquiries and Opinions _h[electronic resource] / _cBrander Matthews |
| 260 |
_bProject Gutenberg, _c2005 |
||
| 505 | 0 | _aLiterature in the new century -- The supreme leaders -- An apology for technic -- Old friends with new faces -- Invention and imagination -- Poe and the detective-story -- Mark Twain -- A note on Maupassant -- The modern novel and the modern play -- The literary merit of our latter-day drama -- Ibsen the playwright -- The art of the stage-manager. | |
| 506 | _aPublic domain in the USA. | ||
| 516 | _aElectronic text | ||
| 653 | _aLiterature, Modern -- 19th century -- History and criticism | ||
| 830 | 0 |
_aProject Gutenberg _v16746 |
|
| 856 | 4 | 0 | _uhttp://www.gutenberg.org/ebooks/16746 |
| 942 | _cEB | ||
| 999 |
_c246001 _d246001 |
||